Terraria Bosses (Non-Event Bosses) - Statistics

General Stats
  • This quiz has been taken 29 times
  • The average score is 19 of 21
Answer Stats
Answer % Correct
Duke Fishron
100%
Eater of Worlds
100%
King Slime
100%
Plantera
100%
Skeletron
100%
Brain of Cthulhu
95%
Eye of Cthulhu
95%
Golem
95%
Lunatic Cultist
95%
Moon Lord
95%
Queen Bee
95%
Queen Slime
95%
Skeletron Prime
95%
The Destroyer
95%
The Twins
95%
Wall of Flesh
95%
Empress of Light
90%
Deerclops
80%
Ocram
80%
Lepus
65%
Turkor the Ungrateful
65%
No matching quizzes found
Score Distribution
Percent of People with Each Score
Percentile by Number Answered
Your Score History
You have not taken this quiz